[Event "VIII Floripa Chess Open 2022 - LIRA - mesa 1 a 205 - HOTEL FAIAL - 206 a 246"]
[Site "Lira Tênis Clube - Florianópolis/SC"]
[Date "2022.01.27"]
[Round "6"]
[Board "233"]
[White "Fanckin, Murilo"]
[Black "Iensue, Valentina Telman"]
[Result "1-0"]
[WhiteElo "1599"]
[BlackElo "1800"]
[PlyCount "67"]
[EventDate "2022.01.24"]
[EventRounds "10"]
[EventCountry "BRA"]

1. d4 f5 2. c4 Nf6 3. Nc3 g6 4. e3 Bg7 5. Bd3 O-O 6. Nge2 Nc6 7. O-O d6 8. Qb3
Be6 9. Nf4 Qd7 10. d5 Rad8 11. Nxe6 Na5 12. Qc2 h6 13. Nxf8 Bxf8 14. Qa4 Qxa4
15. Nxa4 Re8 16. Bd2 e5 17. dxe6 Rxe6 18. Bxa5 b6 19. Bc3 h5 20. Rfe1 Bh6 21.
Bxf6 Rxf6 22. e4 fxe4 23. Rxe4 b5 24. Re8+ Kh7 25. cxb5 d5 26. Rae1 Rf4 27. Rd8
Rxa4 28. Re7+ Bg7 29. Rdd7 Rc4 30. Rxg7+ Kh8 31. Rge7 Rc1+ 32. Bf1 Rxf1+ 33.
Kxf1 d4 34. Re8#  1-0

[Event "VIII Floripa Chess Open 2022 - LIRA - mesa 1 a 205 - HOTEL FAIAL - 206 a 246"]
[Site "Lira Tênis Clube - Florianópolis/SC"]
[Date "2022.01.28"]
[Round "7"]
[Board "186"]
[White "Lessa, Francisco Adilio"]
[Black "Carmo, Jose Arlindo"]
[Result "0-1"]
[WhiteElo "1268"]
[BlackElo "1626"]
[PlyCount "46"]
[EventDate "2022.01.24"]
[EventRounds "10"]
[EventCountry "BRA"]

1. e4 c5 2. Nf3 d6 3. d4 cxd4 4. Nxd4 Nf6 5. Nc3 a6 6. Be2 e5 7. Nb3 Be6 8. Bg5
Be7 9. Bxf6 Bxf6 10. O-O Nc6 11. Nd5 Bxd5 12. Qxd5 Qc7 13. Rad1 Be7 14. c3 O-O
15. Nd2 Qa5 16. Qb3 b5 17. Qd5 Qc7 18. a4 b4 19. Qc4 bxc3 20. Qxc3 Rfc8 21. Bg4
Nd4 22. Qd3 Rcb8 23. Nc4 Rb3  0-1

[Event "VIII Floripa Chess Open 2022 - LIRA - mesa 1 a 205 - HOTEL FAIAL - 206 a 246"]
[Site "Lira Tênis Clube - Florianópolis/SC"]
[Date "2022.01.28"]
[Round "7"]
[Board "187"]
[White "Miranda Pereira, Emmanuel"]
[Black "Cabral, Mauricio Balluta"]
[Result "1/2-1/2"]
[WhiteElo "1557"]
[BlackElo "1228"]
[PlyCount "91"]
[EventDate "2022.01.24"]
[EventRounds "10"]
[EventCountry "BRA"]

1. d4 d5 2. Nf3 Nf6 3. e3 e6 4. c4 Be7 5. Nc3 O-O 6. Bd3 dxc4 7. Bxc4 b6 8. O-O
Bb7 9. Bd3 Nbd7 10. Re1 c5 11. Bc2 Re8 12. a4 a6 13. e4 cxd4 14. Nxd4 Bc5 15.
e5 Nxe5 16. Nb3 Qxd1 17. Nxd1 Ned7 18. Nxc5 Nxc5 19. Be3 Nd5 20. Bd4 Nb4 21.
Ne3 Nxc2 22. Nxc2 Nb3 23. Rad1 Nxd4 24. Nxd4 Red8 25. Ne2 Kf8 26. f3 Ke7 27.
Kf2 Rac8 28. Nc3 Rxd1 29. Rxd1 Rd8 30. Rxd8 Kxd8 31. Ke3 Kd7 32. Kd4 Kd6 33.
Ne4+ Bxe4 34. fxe4 e5+ 35. Kc4 Kc6 36. g4 g5 37. Kb4 b5 38. a5 h6 39. Kc3 Kc5
40. b4+ Kd6 41. Kd3 Ke6 42. Ke3 Kf6 43. Kf3 Kg6 44. Kf2 h5 45. h3 hxg4 46. hxg4
 1/2-1/2

[Event "VIII Floripa Chess Open 2022 - LIRA - mesa 1 a 205 - HOTEL FAIAL - 206 a 246"]
[Site "Lira Tênis Clube - Florianópolis/SC"]
[Date "2022.01.28"]
[Round "7"]
[Board "188"]
[White "Paniago, Lucio Erloiny Silva"]
[Black "Fonseca, Rogerio Da Silva"]
[Result "0-1"]
[WhiteElo "1508"]
[BlackElo "1201"]
[PlyCount "50"]
[EventDate "2022.01.24"]
[EventRounds "10"]
[EventCountry "BRA"]

1. e4 e6 2. d4 d5 3. e5 c5 4. c3 Nc6 5. Nf3 Qb6 6. Be2 f6 7. O-O fxe5 8. dxe5
Bd7 9. Re1 O-O-O 10. Qc2 Be8 11. Bg5 Nge7 12. Nbd2 h6 13. Bxe7 Bxe7 14. Rab1 g5
15. h3 h5 16. g4 hxg4 17. hxg4 Rh6 18. Qc1 Bg6 19. Ra1 Qc7 20. Bb5 Rdh8 21. Ba4
Nxe5 22. Nxe5 Bd6 23. Ndf3 Bxe5 24. Nxe5 Rh1+ 25. Kg2 Be4+  0-1

[Event "VIII Floripa Chess Open 2022 - LIRA - mesa 1 a 205 - HOTEL FAIAL - 206 a 246"]
[Site "Lira Tênis Clube - Florianópolis/SC"]
[Date "2022.01.28"]
[Round "7"]
[Board "189"]
[White "Nones, Vinicius Gabriel"]
[Black "Fiorindo Pereira, Guilherme"]
[Result "0-1"]
[WhiteElo "1258"]
[BlackElo "1502"]
[PlyCount "62"]
[EventDate "2022.01.24"]
[EventRounds "10"]
[EventCountry "BRA"]

1. d4 d5 2. e3 Nf6 3. c4 e6 4. Nf3 a6 5. Nc3 dxc4 6. Bxc4 b5 7. Bd3 Bb7 8. Bd2
c5 9. O-O cxd4 10. exd4 Bd6 11. Re1 O-O 12. Ne4 Nxe4 13. Bxe4 Bxe4 14. Rxe4 Nd7
15. Bf4 Nf6 16. Bxd6 Qxd6 17. Rh4 h6 18. Qd2 Qd5 19. Ne5 Rfd8 20. Rd1 Rac8 21.
f3 Qxa2 22. g4 Qb3 23. Rc1 Rxc1+ 24. Qxc1 Rxd4 25. Qc8+ Kh7 26. Nxf7 Qd1+ 27.
Kg2 Rd2+ 28. Kg3 Qe1+ 29. Kh3 Qf1+ 30. Kg3 Qf2+ 31. Kf4 Rd4+  0-1

[Event "VIII Floripa Chess Open 2022 - LIRA - mesa 1 a 205 - HOTEL FAIAL - 206 a 246"]
[Site "Lira Tênis Clube - Florianópolis/SC"]
[Date "2022.01.28"]
[Round "7"]
[Board "190"]
[White "Andrade, Moacir Belarmino F."]
[Black "Spieker, Otavio Schmidt"]
[Result "1-0"]
[WhiteElo "1478"]
[BlackElo "1079"]
[PlyCount "135"]
[EventDate "2022.01.24"]
[EventRounds "10"]
[EventCountry "BRA"]

1. e4 e5 2. Nf3 Nc6 3. Bb5 d6 4. h3 Nf6 5. Nc3 a6 6. Be2 Nd4 7. Bd3 Nxf3+ 8.
Qxf3 Be6 9. Nd5 Bxd5 10. exd5 e4 11. Bxe4 Nxe4 12. Qxe4+ Qe7 13. d3 Qxe4+ 14.
dxe4 Be7 15. O-O O-O 16. g4 Bf6 17. c3 h6 18. Be3 Rfe8 19. f3 a5 20. a4 c6 21.
c4 cxd5 22. cxd5 Reb8 23. Rab1 b5 24. b3 Rb7 25. axb5 Rxb5 26. Rfc1 Rab8 27.
Rc6 Rxb3 28. Rc8+ Rxc8 29. Rxb3 Rc3 30. Rxc3 Bxc3 31. Bc1 Kf8 32. Kf1 Ke7 33.
Ke2 Kd7 34. Kd3 Bb4 35. Kc4 Kc7 36. Kb5 Kd7 37. Bb2 f6 38. Bd4 Kc7 39. h4 Bd2
40. h5 Kb7 41. Bf2 Bc3 42. Be3 Kc7 43. Bb6+ Kd7 44. Bxa5 Be5 45. Bd2 Kc7 46. f4
Bd4 47. Kc4 Bg1 48. g5 fxg5 49. fxg5 Bh2 50. gxh6 gxh6 51. Bxh6 Be5 52. Bf8 Kd7
53. h6 Ke8 54. Bg7 Bxg7 55. hxg7 Kf7 56. Kb5 Kxg7 57. Kc6 Kf7 58. Kxd6 Ke8 59.
Kc7 Ke7 60. d6+ Ke8 61. d7+ Ke7 62. d8=Q+ Ke6 63. Qd4 Kf7 64. Kd7 Kg8 65. Ke7
Kh7 66. Kf7 Kh6 67. Qe5 Kh7 68. Qg7#  1-0

[Event "VIII Floripa Chess Open 2022 - LIRA - mesa 1 a 205 - HOTEL FAIAL - 206 a 246"]
[Site "Lira Tênis Clube - Florianópolis/SC"]
[Date "2022.01.28"]
[Round "7"]
[Board "191"]
[White "Blanco, Gustavo Jose Bachur"]
[Black "Rodrigues, Paulo De Tharso Brondi"]
[Result "1-0"]
[WhiteElo "1448"]
[BlackElo "1018"]
[PlyCount "77"]
[EventDate "2022.01.24"]
[EventRounds "10"]
[EventCountry "BRA"]

1. e4 e5 2. Bc4 Nf6 3. d3 Bc5 4. Nc3 O-O 5. f4 Nc6 6. Nf3 d6 7. Na4 Bb6 8. Nxb6
axb6 9. a3 Re8 10. O-O d5 11. fxe5 dxc4 12. exf6 Qxf6 13. Ng5 Qd4+ 14. Kh1 Be6
15. Qh5 h6 16. Nxe6 fxe6 17. dxc4 Rf8 18. Re1 Rf2 19. Be3 Qf6 20. Bxf2 Qxf2 21.
Qe2 Qf7 22. Rf1 Qe7 23. Rad1 Ne5 24. h3 Qc5 25. b3 Nf7 26. Qf2 Qe7 27. a4 Nd6
28. Qf3 Qh4 29. e5 Nf5 30. Rd3 Rf8 31. Kg1 g5 32. Qg4 Qxg4 33. hxg4 Ne7 34.
Rxf8+ Kxf8 35. Rd7 Ng6 36. Rxc7 Nxe5 37. Rxb7 Nxg4 38. Rxb6 e5 39. a5  1-0

[Event "VIII Floripa Chess Open 2022 - LIRA - mesa 1 a 205 - HOTEL FAIAL - 206 a 246"]
[Site "Lira Tênis Clube - Florianópolis/SC"]
[Date "2022.01.28"]
[Round "7"]
[Board "192"]
[White "Grundmann, Julia Cristhine"]
[Black "Generoso, Vitor Manoel Da Silva"]
[Result "0-1"]
[WhiteElo "1183"]
[BlackElo "1446"]
[PlyCount "80"]
[EventDate "2022.01.24"]
[EventRounds "10"]
[EventCountry "BRA"]

1. e4 e5 2. Nf3 Nc6 3. Bc4 Bc5 4. c3 Nf6 5. d4 exd4 6. cxd4 Bb4+ 7. Bd2 Bxd2+
8. Nbxd2 d5 9. exd5 Nxd5 10. Qe2+ Nce7 11. O-O O-O 12. h3 Nc6 13. Rfe1 Nb6 14.
Nb3 Nxc4 15. Qxc4 Be6 16. Qc3 Bd5 17. Rad1 Qf6 18. Ne5 Rad8 19. Nc5 Nxe5 20.
Rxe5 Qg6 21. f3 Qc6 22. b3 Rd6 23. Na4 Rfd8 24. Qxc6 Bxc6 25. Re7 Bxa4 26. bxa4
R6d7 27. Rxd7 Rxd7 28. Kf2 Re7 29. d5 Rd7 30. Rd4 Kf8 31. Ke3 Ke7 32. Ke4 Kd6
33. Rb4 b6 34. Rc4 Re7+ 35. Kd4 Re2 36. Rc6+ Kd7 37. a5 Rxg2 38. axb6 axb6 39.
a4 Ra2 40. Rc4 Rh2  0-1

[Event "VIII Floripa Chess Open 2022 - LIRA - mesa 1 a 205 - HOTEL FAIAL - 206 a 246"]
[Site "Lira Tênis Clube - Florianópolis/SC"]
[Date "2022.01.28"]
[Round "7"]
[Board "193"]
[White "Campagnolo, Bruna"]
[Black "Bieging, Luca Jurgen"]
[Result "0-1"]
[WhiteElo "1433"]
[BlackElo "1843"]
[PlyCount "104"]
[EventDate "2022.01.24"]
[EventRounds "10"]
[EventCountry "BRA"]

1. e4 c5 2. Nf3 Nc6 3. d4 cxd4 4. Nxd4 e5 5. Nf3 Nf6 6. Bg5 Be7 7. Nc3 O-O 8.
Bc4 d6 9. h3 Be6 10. Bxf6 Bxf6 11. Nd5 Rc8 12. Bb3 Re8 13. Nxf6+ gxf6 14. O-O
Kh8 15. Kh1 Rg8 16. Qd2 Qd7 17. Bxe6 fxe6 18. Rad1 Qg7 19. Rg1 Rcd8 20. Nh2 d5
21. exd5 exd5 22. Ng4 f5 23. Ne3 Qf7 24. Nxd5 Nd4 25. c4 b5 26. b3 Rc8 27. Rc1
f4 28. f3 Qe6 29. Qf2 Rg3 30. Nxf4 exf4 31. Qxd4+ Kg8 32. Qd5 Qxd5 33. cxd5 Rd8
34. Rcd1 Rg5 35. Rd4 Rf5 36. Rgd1 Kf7 37. d6 Ke6 38. Re1+ Re5 39. Rxe5+ Kxe5
40. Rd1 Rxd6 41. Rxd6 Kxd6 42. Kg1 Kc5 43. Kf1 h5 44. Ke2 Kd4 45. Kd2 b4 46.
Ke2 Kc3 47. g3 fxg3 48. f4 Kd4 49. h4 Ke4 50. f5 Kxf5 51. Kf3 Ke5 52. Kxg3 Ke4
 0-1

[Event "VIII Floripa Chess Open 2022 - LIRA - mesa 1 a 205 - HOTEL FAIAL - 206 a 246"]
[Site "Lira Tênis Clube - Florianópolis/SC"]
[Date "2022.01.28"]
[Round "7"]
[Board "194"]
[White "De Sousa, Elizeu Santiago Tavares"]
[Black "Herai, Roberto Hirochi"]
[Result "0-1"]
[WhiteElo "1428"]
[BlackElo "1800"]
[PlyCount "70"]
[EventDate "2022.01.24"]
[EventRounds "10"]
[EventCountry "BRA"]

1. e4 c5 2. Nc3 Nc6 3. g3 e6 4. Bg2 Nge7 5. d3 d5 6. exd5 Nxd5 7. Bd2 Be7 8.
Nge2 O-O 9. Nxd5 exd5 10. O-O Bf6 11. Bc3 d4 12. Bd2 Bg4 13. h3 Bf5 14. Nf4 Re8
15. a4 Be5 16. a5 Rc8 17. a6 b6 18. Re1 Qd7 19. Kh2 Rcd8 20. g4 Be6 21. Kg1
Bxf4 22. Bxf4 h5 23. f3 Nb4 24. Kh2 hxg4 25. fxg4 Bd5 26. Rxe8+ Rxe8 27. Bxd5
Nxd5 28. Bd2 Qd6+ 29. Kg2 Re3 30. Qf1 Nf4+ 31. Kg1 Ne2+ 32. Kg2 Rg3+ 33. Kh2
Rf3+ 34. Kg2 Qg3+ 35. Kh1 Rxf1+  0-1

[Event "VIII Floripa Chess Open 2022 - LIRA - mesa 1 a 205 - HOTEL FAIAL - 206 a 246"]
[Site "Lira Tênis Clube - Florianópolis/SC"]
[Date "2022.01.28"]
[Round "7"]
[Board "195"]
[White "Zhong, Lanxin"]
[Black "Costa Neto, Luis Antonio"]
[Result "1-0"]
[WhiteElo "1139"]
[BlackElo "1422"]
[PlyCount "73"]
[EventDate "2022.01.24"]
[EventRounds "10"]
[EventCountry "BRA"]

1. e4 e6 2. d4 d5 3. exd5 Qxd5 4. Nc3 Bb4 5. Nge2 Nf6 6. Bd2 Qd8 7. Bg5 b6 8.
Qd3 Bb7 9. a3 Be7 10. O-O-O O-O 11. Bxf6 Bxf6 12. Kb1 Nd7 13. Ne4 Be7 14. Nf4
e5 15. Nh5 Bxe4 16. Qxe4 g6 17. Ng3 exd4 18. Qxd4 Nc5 19. Qg4 Qc8 20. Qf3 Qb7
21. Qg4 Bf6 22. h4 Kh8 23. Bc4 b5 24. Bd5 c6 25. Qf3 cxd5 26. Qxf6+ Kg8 27. h5
b4 28. h6 Ne6 29. axb4 Qxb4 30. Rh4 Qb7 31. b3 a5 32. Nf5 Rae8 33. Nd6 Qd7 34.
Nxe8 Qxe8 35. Rxd5 Qc6 36. Qe5 Qc8 37. Rc4  1-0

[Event "VIII Floripa Chess Open 2022 - LIRA - mesa 1 a 205 - HOTEL FAIAL - 206 a 246"]
[Site "Lira Tênis Clube - Florianópolis/SC"]
[Date "2022.01.28"]
[Round "7"]
[Board "196"]
[White "Mauro, Roberto Da Silva"]
[Black "Marocco, Gabriel Leao Quadros"]
[Result "1/2-1/2"]
[WhiteElo "1800"]
[BlackElo "1410"]
[PlyCount "80"]
[EventDate "2022.01.24"]
[EventRounds "10"]
[EventCountry "BRA"]

1. d4 Nf6 2. c4 g6 3. Nc3 d5 4. cxd5 Nxd5 5. e4 Nxc3 6. bxc3 Bg7 7. Nf3 c5 8.
Bb5+ Bd7 9. Rb1 cxd4 10. cxd4 a6 11. Bxd7+ Qxd7 12. O-O O-O 13. Rb6 Nc6 14. Be3
Rfe8 15. Qb3 Rab8 16. d5 Ne5 17. Nxe5 Bxe5 18. Rb1 Rec8 19. Rxb7 Rxb7 20. Qxb7
Rb8 21. Qxb8+ Bxb8 22. Rxb8+ Kg7 23. Bd4+ f6 24. Rb4 a5 25. Rc4 Qb5 26. Rc1 Qd3
27. Be3 Qxe4 28. h3 Qxd5 29. a3 Kf7 30. Rc5 Qd1+ 31. Kh2 Qa4 32. Rc3 f5 33. g3
h5 34. h4 e5 35. Bg5 Ke6 36. Re3 Qc2 37. Kg2 Kd5 38. Bf6 Qb2 39. Rxe5+ Qxe5 40.
Bxe5 Kxe5  1/2-1/2

[Event "VIII Floripa Chess Open 2022 - LIRA - mesa 1 a 205 - HOTEL FAIAL - 206 a 246"]
[Site "Lira Tênis Clube - Florianópolis/SC"]
[Date "2022.01.28"]
[Round "7"]
[Board "197"]
[White "Lima, Yuri Ramos Santos"]
[Black "Elesbao, Bernardo Dartora"]
[Result "1/2-1/2"]
[WhiteElo "1800"]
[BlackElo "1385"]
[PlyCount "141"]
[EventDate "2022.01.24"]
[EventRounds "10"]
[EventCountry "BRA"]

1. c4 g6 2. Nc3 Bg7 3. g3 e5 4. Bg2 f5 5. d3 Nf6 6. Nf3 d6 7. Bg5 c6 8. Rb1 O-O
9. Qd2 Qb6 10. O-O Be6 11. b4 Qc7 12. Rfc1 Qd7 13. b5 f4 14. Bxf6 Bxf6 15. Ne4
Bg7 16. Nfg5 Bf5 17. bxc6 Nxc6 18. Nxd6 Qxd6 19. Bd5+ Kh8 20. Nf7+ Rxf7 21.
Bxf7 b6 22. Rd1 fxg3 23. hxg3 Rf8 24. Bd5 Nd4 25. Kg2 Bd7 26. e3 Ne6 27. Rh1
Bc6 28. Bxc6 Qxc6+ 29. e4 Nd4 30. Qg5 Nf3 31. Qe7 Qf6 32. Qxf6 Rxf6 33. c5 Nd4
34. Rhc1 Bh6 35. Rh1 Bd2 36. cxb6 axb6 37. Rhd1 Bh6 38. Rb2 Bf8 39. Rdb1 Bc5
40. a4 Nc6 41. f3 Rd6 42. Rxb6 Bxb6 43. Rxb6 Kg7 44. a5 Kf6 45. a6 Ke6 46. f4
exf4 47. gxf4 Kd7 48. a7 Nxa7 49. Rb7+ Ke6 50. Rxa7 Rxd3 51. Rxh7 Re3 52. e5 g5
53. Rh6+ Kf5 54. Rf6+ Kg4 55. Kf2 gxf4 56. e6 Kg5 57. Rf8 Rxe6 58. Rg8+ Kf5 59.
Kf3 Re3+ 60. Kf2 Re6 61. Kf3 Rf6 62. Ra8 Kg6 63. Ra5 Rf5 64. Ra6+ Kg5 65. Ra4
Rf6 66. Ra5+ Rf5 67. Ra4 Rb5 68. Ra8 Rb3+ 69. Kf2 Kf5 70. Rf8+ Ke4 71. Re8+
 1/2-1/2

[Event "VIII Floripa Chess Open 2022 - LIRA - mesa 1 a 205 - HOTEL FAIAL - 206 a 246"]
[Site "Lira Tênis Clube - Florianópolis/SC"]
[Date "2022.01.28"]
[Round "7"]
[Board "198"]
[White "Fernandini, Felipe Piacente"]
[Black "Roeder, Larissa Taina"]
[Result "1-0"]
[WhiteElo "1385"]
[BlackElo "1696"]
[PlyCount "83"]
[EventDate "2022.01.24"]
[EventRounds "10"]
[EventCountry "BRA"]

1. e4 c5 2. Nf3 e6 3. d4 d5 4. e5 Nc6 5. c3 cxd4 6. cxd4 Bb4+ 7. Nbd2 Nge7 8.
Bd3 a6 9. O-O Bd7 10. Nb3 Na5 11. a3 Ba4 12. Bc2 Bxb3 13. Bxb3 Nxb3 14. Qxb3
Ba5 15. Qxb7 Qb8 16. Qxb8+ Rxb8 17. b4 Bb6 18. Bb2 Nf5 19. Rfd1 a5 20. Bc3 axb4
21. Bxb4 Rc8 22. g4 Ne7 23. Rac1 Kd7 24. Bc5 Bxc5 25. dxc5 Rc7 26. Rc2 Ra8 27.
Ra1 h6 28. Kg2 Ra5 29. a4 Raxc5 30. Rxc5 Rxc5 31. a5 Nc8 32. a6 Rc7 33. Nd4 Na7
34. Rb1 Kc8 35. f4 g6 36. f5 gxf5 37. gxf5 exf5 38. Nxf5 h5 39. Kg3 Rc6 40.
Ne7+ Kd7 41. Nxc6 Kxc6 42. Rb7  1-0

[Event "VIII Floripa Chess Open 2022 - LIRA - mesa 1 a 205 - HOTEL FAIAL - 206 a 246"]
[Site "Lira Tênis Clube - Florianópolis/SC"]
[Date "2022.01.28"]
[Round "7"]
[Board "204"]
[White "Fantinati, Nilton M. Nascimento"]
[Black "Abilhoa, Felipe Auer"]
[Result "1-0"]
[WhiteElo "1487"]
[BlackElo "1800"]
[PlyCount "55"]
[EventDate "2022.01.24"]
[EventRounds "10"]
[EventCountry "BRA"]

1. b3 e6 2. Bb2 d5 3. e3 Nf6 4. Nf3 Bd6 5. Be2 Nc6 6. O-O e5 7. Bb5 Bg4 8. Be2
Be6 9. d4 O-O 10. dxe5 Be7 11. exf6 Bxf6 12. Bxf6 Qxf6 13. Nbd2 Rad8 14. Qc1 g6
15. c3 Rd7 16. Nd4 Rd6 17. N2f3 Re8 18. Nxc6 bxc6 19. c4 dxc4 20. Bxc4 Bxc4 21.
Qxc4 Qb2 22. Nd4 Ree6 23. Nxe6 fxe6 24. Rad1 Rxd1 25. Qxe6+ Kh8 26. Rxd1 Qg7
27. Rd8+ Qg8 28. Rxg8#  1-0

[Event "VIII Floripa Chess Open 2022 - LIRA - mesa 1 a 205 - HOTEL FAIAL - 206 a 246"]
[Site "Lira Tênis Clube - Florianópolis/SC"]
[Date "2022.01.28"]
[Round "7"]
[Board "205"]
[White "Do Amaral E Silva, Larissa Blue"]
[Black "De Oliveira, Yuri Crisostomo"]
[Result "0-1"]
[WhiteElo "1469"]
[BlackElo "1797"]
[PlyCount "106"]
[EventDate "2022.01.24"]
[EventRounds "10"]
[EventCountry "BRA"]

1. e4 c5 2. f4 Nc6 3. Bc4 g6 4. Nf3 Bg7 5. O-O d6 6. Nc3 Nf6 7. d3 O-O 8. Qe1
a6 9. a4 Bg4 10. f5 Bxf3 11. Rxf3 Nd4 12. Rh3 Kh8 13. Qh4 e6 14. fxg6 fxg6 15.
Bg5 h5 16. Rf1 Rf7 17. g4 Qf8 18. Qf2 Nh7 19. Qxf7 Qxf7 20. Rxf7 Nxg5 21. Rxg7
Nxh3+ 22. Kg2 Kxg7 23. Kxh3 hxg4+ 24. Kxg4 Rf8 25. Nd1 b5 26. axb5 axb5 27. Ba2
Nxc2 28. Bxe6 Nb4 29. d4 cxd4 30. Bd7 Nd3 31. Kg3 Rf1 32. Bg4 Rg1+ 33. Kh4 Ne5
34. Nf2 Rg2 35. Be2 Rxf2 36. Bxb5 Rxh2+ 37. Kg5 Rxb2 38. Ba4 Rf2 39. Bd1 d3 40.
Kh4 d2 41. Kg3 Rf1 42. Be2 d1=Q 43. Bxd1 Rxd1 44. Kf4 Kf6 45. Ke3 Rd3+ 46. Ke2
Rf3 47. Kd2 g5 48. Ke1 g4 49. Ke2 g3 50. Kd2 g2 51. Ke1 g1=Q+ 52. Ke2 Qg2+ 53.
Ke1 Rf1#  0-1

[Event "VIII Floripa Chess Open 2022 - LIRA - mesa 1 a 205 - HOTEL FAIAL - 206 a 246"]
[Site "Lira Tênis Clube - Florianópolis/SC"]
[Date "2022.01.28"]
[Round "7"]
[Board "206"]
[White "Kim, Andre"]
[Black "Luz, Christian Oliveira"]
[Result "0-1"]
[WhiteElo "1104"]
[BlackElo "1443"]
[PlyCount "84"]
[EventDate "2022.01.24"]
[EventRounds "10"]
[EventCountry "BRA"]

1. d4 c5 2. Nf3 Nf6 3. e3 e6 4. c4 Be7 5. Nc3 a6 6. a4 Nc6 7. Bd3 Qc7 8. b3 b6
9. Bb2 Bb7 10. Qc2 Nb4 11. Qe2 Nxd3+ 12. Qxd3 O-O 13. Qe2 cxd4 14. exd4 Bb4 15.
O-O Ng4 16. Ne5 Nxe5 17. Qxe5 Bd6 18. Qh5 Be7 19. Ba3 Bxa3 20. Rxa3 d5 21. Qe2
Qd6 22. Qb2 Rac8 23. Rc1 dxc4 24. bxc4 Rxc4 25. Ne2 Rxc1+ 26. Qxc1 Rc8 27. Rc3
Rxc3 28. Qxc3 Qc6 29. Qxc6 Bxc6 30. Nc3 b5 31. axb5 Bxb5 32. Nxb5 axb5 33. Kf1
Kf8 34. Ke2 Ke7 35. Kd3 Kd6 36. Kc3 Kd5 37. f3 h5 38. h4 f6 39. g4 g6 40. gxh5
gxh5 41. Kd3 f5 42. f4 b4  0-1

[Event "VIII Floripa Chess Open 2022 - LIRA - mesa 1 a 205 - HOTEL FAIAL - 206 a 246"]
[Site "Lira Tênis Clube - Florianópolis/SC"]
[Date "2022.01.28"]
[Round "7"]
[Board "208"]
[White "Espindola, Carlos Marcelo"]
[Black "Toffoli, Vanessa"]
[Result "1-0"]
[WhiteElo "1441"]
[BlackElo "1013"]
[PlyCount "35"]
[EventDate "2022.01.24"]
[EventRounds "10"]
[EventCountry "BRA"]

1. Nf3 d5 2. g3 Nc6 3. Bg2 e5 4. d3 Nf6 5. O-O Be6 6. c4 dxc4 7. Qa4 Bd7 8.
Qxc4 Bd6 9. Nc3 h6 10. Qb3 b6 11. Be3 Qe7 12. Rac1 e4 13. dxe4 O-O 14. e5 Bxe5
15. Nxe5 Qxe5 16. Bf4 Qe7 17. Nd5 Nxd5 18. Bxd5 {IlegÃ­vel (63 Lances)}  1-0

[Event "VIII Floripa Chess Open 2022 - LIRA - mesa 1 a 205 - HOTEL FAIAL - 206 a 246"]
[Site "Lira Tênis Clube - Florianópolis/SC"]
[Date "2022.01.28"]
[Round "7"]
[Board "211"]
[White "Dos Santos, Douglas Asterio"]
[Black "Pavao, Alice Lara Biasi"]
[Result "0-1"]
[WhiteElo "1503"]
[BlackElo "1155"]
[PlyCount "46"]
[EventDate "2022.01.24"]
[EventRounds "10"]
[EventCountry "BRA"]

1. d4 Nf6 2. Nf3 g6 3. Bf4 Bg7 4. e3 O-O 5. Be2 d6 6. h3 c5 7. O-O cxd4 8. exd4
Nbd7 9. Re1 b6 10. c4 Bb7 11. d5 Nh5 12. Bh2 Bxb2 13. Nbd2 Bxa1 14. Qxa1 Nhf6
15. Bd3 Nc5 16. Bc2 Rc8 17. Bf4 e5 18. Bh6 Re8 19. Ng5 Re7 20. Ndf3 Ncd7 21.
Bd3 Ba6 22. Qc3 b5 23. h4 Ng4 {IlegÃ­vel (39 Lances)}  0-1

[Event "VIII Floripa Chess Open 2022 - LIRA - mesa 1 a 205 - HOTEL FAIAL - 206 a 246"]
[Site "Lira Tênis Clube - Florianópolis/SC"]
[Date "2022.01.28"]
[Round "7"]
[Board "213"]
[White "Da Luz, Fabio Rodolfo"]
[Black "Frassetto, Eduarda"]
[Result "1-0"]
[WhiteElo "1345"]
[BlackElo "1761"]
[PlyCount "83"]
[EventDate "2022.01.24"]
[EventRounds "10"]
[EventCountry "BRA"]

1. d4 d5 2. Nf3 Bf5 3. e3 Nf6 4. c4 c6 5. Nc3 e6 6. cxd5 cxd5 7. Bb5+ Nc6 8.
Qa4 Qc7 9. Ne5 Kd8 10. Bxc6 bxc6 11. Nxc6+ Kc8 12. Ne5 Bd6 13. f4 h5 14. Bd2
Rb8 15. Rc1 Rb4 16. Qd1 Rxb2 17. Nxd5 Nxd5 18. Rxc7+ Nxc7 19. O-O Bxe5 20. fxe5
Rxa2 21. Bb4 a5 22. Bd6 a4 23. Qc1 Rc2 24. Qa3 Be4 25. Rf2 Rxf2 26. Kxf2 Bc6
27. Qc5 Kb7 28. Bxc7 Kxc7 29. Qa7+ Bb7 30. Qxa4 Ra8 31. Qc4+ Kb8 32. Qc5 Ra2+
33. Ke1 Ra1+ 34. Kd2 Ra2+ 35. Kc3 Rxg2 36. Qf8+ Ka7 37. Qxf7 Rxh2 38. Qxe6 h4
39. Qe7 h3 40. Qc5+ Ka6 41. e6 Rf2 42. e7  1-0

[Event "VIII Floripa Chess Open 2022 - LIRA - mesa 1 a 205 - HOTEL FAIAL - 206 a 246"]
[Site "Lira Tênis Clube - Florianópolis/SC"]
[Date "2022.01.28"]
[Round "7"]
[Board "214"]
[White "Cardoso, Catharina Alves"]
[Black "Fugimoto, Rafael Aoki"]
[Result "0-1"]
[WhiteElo "1819"]
[BlackElo "1285"]
[PlyCount "66"]
[EventDate "2022.01.24"]
[EventRounds "10"]
[EventCountry "BRA"]

1. e4 c5 2. Nf3 e6 3. d4 cxd4 4. Nxd4 a6 5. Nc3 Qc7 6. Be2 Nc6 7. Nb3 Nf6 8.
Be3 Bb4 9. Qd2 Nxe4 10. Qd3 Nf6 11. a3 Bxc3+ 12. Qxc3 b5 13. O-O O-O 14. Qe1
Bb7 15. f4 Ne7 16. Nc5 Bc6 17. Qg3 Nf5 18. Qh3 d6 19. Nd3 Rab8 20. Bf3 Nxe3 21.
Rf2 Bxf3 22. Qxf3 Neg4 23. Re2 Qb7 24. Qg3 Nh6 25. Rf1 Nf5 26. Qg5 h6 27. Qxf5
exf5 28. Kh1 Rfe8 29. Rfe1 Rxe2 30. Rxe2 Re8 31. Rd2 Qe4 32. h3 Nh5 33. Kh2
Nxf4  0-1

[Event "VIII Floripa Chess Open 2022 - LIRA - mesa 1 a 205 - HOTEL FAIAL - 206 a 246"]
[Site "Lira Tênis Clube - Florianópolis/SC"]
[Date "2022.01.28"]
[Round "7"]
[Board "215"]
[White "Muniz, Henrique Rocha"]
[Black "Da Silva, Miguel Michels"]
[Result "1-0"]
[WhiteElo "1279"]
[BlackElo "1730"]
[PlyCount "61"]
[EventDate "2022.01.24"]
[EventRounds "10"]
[EventCountry "BRA"]

1. e4 e5 2. Nf3 Nc6 3. Bc4 Bc5 4. d3 Nf6 5. Bg5 d6 6. Nc3 Be6 7. Nd5 Bxd5 8.
exd5 Na5 9. Bb5+ c6 10. dxc6 bxc6 11. Ba4 Qb6 12. O-O Qxb2 13. Bd2 Qa3 14. c3
O-O 15. Bc1 Qxc3 16. Bd2 Qxd3 17. Bxa5 Qa6 18. Bc3 Rab8 19. Bb3 Rfe8 20. Ng5
Rb7 21. Re1 h6 22. Ne4 Nxe4 23. Rxe4 Qb6 24. Qf3 Rbe7 25. Rg4 d5 26. Bc2 a6 27.
Qf6 g6 28. Bxg6 Bxf2+ 29. Kh1 fxg6 30. Qxg6+ Kh8 31. Bxe5+  1-0

[Event "VIII Floripa Chess Open 2022 - LIRA - mesa 1 a 205 - HOTEL FAIAL - 206 a 246"]
[Site "Lira Tênis Clube - Florianópolis/SC"]
[Date "2022.01.28"]
[Round "7"]
[Board "216"]
[White "Cuco, Gustavo Henrique"]
[Black "Fanckin, Murilo"]
[Result "1/2-1/2"]
[WhiteElo "1251"]
[BlackElo "1599"]
[PlyCount "39"]
[EventDate "2022.01.24"]
[EventRounds "10"]
[EventCountry "BRA"]

1. e4 c5 2. c3 d5 3. exd5 Qxd5 4. d4 cxd4 5. cxd4 e6 6. Nf3 Nf6 7. Bd3 Be7 8.
O-O O-O 9. a3 Nc6 10. Re1 b6 11. Nc3 Qd7 12. Bc2 Nd5 13. Qd3 g6 14. Bh6 Rd8 15.
Ba4 Bb7 16. Rac1 Rac8 17. Ne5 Qd6 18. Nc4 Qd7 19. Ne5 Qd6 20. Nc4  1/2-1/2